Summer Olympic Host Cities from North to South - Statistics

General Stats
  • This quiz has been taken 44 times
  • The average score is 18 of 23
Answer Stats
Latitude City % Correct
59°20′N Stockholm
100%
60°10′N Helsinki
98%
55°45′N Moscow
98%
52°31′N Berlin
90%
52°22′N Amsterdam
88%
48°51′N Paris
88%
51°30′N London
83%
22°55′S Rio de Janeiro
80%
41°54′N Rome
80%
41°23′N Barcelona
78%
39°55′N Beijing
78%
33°52′S Sydney
78%
19°26′N Mexico City
75%
48°08′N Munich
75%
35°41′N Tokyo
75%
51°13′N Antwerp
73%
37°49′S Melbourne
73%
37°59′N Athens
70%
33°45′N Atlanta
70%
34°03′N Los Angeles
70%
45°30′N Montreal
70%
37°34′N Seoul
70%
38°38′N St. Louis
68%
No matching quizzes found
Score Distribution
Percent of People with Each Score
Percentile by Number Answered
Your Score History
You have not taken this quiz